000 01528nam a2200265Ia 4500
999 _c41438
_d41438
001 8102
003 GE_BSU
005 20240307154607.0
008 181216s2013||||ge |||||||||||||| ||geo||
020 _a9789941434389
040 _cGE_BSU
041 _ageo
080 _a636.002.5(075.8) რ–94
100 _aრუსიეშვილი, რ.
_96244
245 _aმეცხოველეობის ფერმების მექანიზაცია :
_bსალექციო კურსი, მეთოდ. მითითებები პრაქტ. სამუშაოების შესასრულებლად, სამაგალითო საგამოცდო ტესტები /
_cრ. რუსიეშვილი, რ. მარგალიტაძე ; რედ. ოთარ თედორაძე.
264 _aბათუმი :
_bბათუმის შოთა რუსთაველის სახ.უნ–ტი,
_c2013.
300 _a279 გვ. :
_b ნახ., ცხრ. ;
_c29 სმ.
504 _a ბიბლიოგრ. : გვ. 273
541 _h6ლ.40თ.
653 _aმეცხოველეობის ფერმების მექანიზაცია
700 _aმარგალიტაძე, რ.
_eავტორი
_96245
700 _aთედორაძე, ო.
_eრედაქტორი
_96246
710 _aბსუ
_bტექნოლ. ფაკ-ტი
_96247
942 _cBK
_2udc